Geography Word Jumble #2 - Statistics

General Stats
  • This quiz has been taken 10 times
  • The average score is 12 of 15
Answer Stats
Hint Type Of Geography Answer % Correct
Salew Territory (UK) Wales
100%
Seand Mountain Range Andes
89%
Snetha Capital City Athens
89%
Combool Capital City Colombo
89%
Cchze Cilbuper Country Czech Republic
89%
Jiif Country Fiji
89%
Sna Rimano Country San Marino
89%
Utaunav Country Vanuatu
89%
Citcar Ocean Arctic
78%
Keal Imchinag Lake Lake Michigan
78%
Tiehw Ouesh Landmark White House
78%
Inel River Nile
67%
Spagogala Sandils Territory (Ecuador) Galapagos Islands
56%
Aieisbr Region Siberia
44%
Euttas Fo Ytrebil Landmark Statue Of Liberty
44%
No matching quizzes found
Score Distribution
Percent of People with Each Score
Percentile by Number Answered
Your Score History
You have not taken this quiz